000 00574nam a2200217Ia 4500
003 OSt
005 20221007083012.0
006 a|||||r|||| 00| 0
007 ta
008 221006b |||||||| |||| 00| 0 eng d
024 _a45,726
037 _cDissertations
040 _aFLL
_cFLL
_beng
041 _2eng
_aeng
100 _aKUMAR Abhitesh
_9700051
245 0 _aAlternative dispute resolution mechanism in India
_b a critical appraisal
260 _c2018
300 _avi,139p.
_ccm.
942 _cDIS
_2CC
999 _c1168468
_d1168468